Vista normal
Vista MARC
Entrada Personal Name
Número de registros utilizados en: 1
001 - CONTROL NUMBER
- control field: 8234
003 - CONTROL NUMBER IDENTIFIER
- control field: OSt
005 - DATE AND TIME OF LATEST TRANSACTION
- control field: 20200803113520.0
008 - FIXED-LENGTH DATA ELEMENTS
- fixed length control field: 200803|| aca||aabn | a|a d
040 ## - CATALOGING SOURCE
- Original cataloging agency: OSt
- Transcribing agency: OSt
100 ## - HEADING--PERSONAL NAME
- Personal name: Turguéniev, Iván Serguéievich,
- Dates associated with a name: 1818-1883
670 ## - SOURCE DATA FOUND
- Source citation: Work cat.: (OSt)4037: Turguéniev, Iván Serguéievich, 1818-1883 autor, El primer amor / , ©2011